| 000 | 00500cam a2200205 4500 | ||
|---|---|---|---|
| 008 | 090401t1987 xxu||||| |||| 00| 0 eng d | ||
| 020 | _a0907004601 | ||
| 035 | _a(Sirsi) u45531 | ||
| 041 | _aeng | ||
| 050 | _a333.336 | ||
| 110 |
_aHillier Parker Research _92002 |
||
| 245 | _aHi-tech users | ||
| 260 |
_aLondon _bHillier Parker May and Rowden _c1987 |
||
| 300 | _a7p. ; 30cm. | ||
| 350 | _a26 | ||
| 650 | _aHIGH TECHNOLOGY | ||
| 650 | _aSCIENCE PARKS | ||
| 942 | _n0 | ||
| 948 | _c04/03/1997 | ||
| 999 |
_c91751 _d91751 |
||